Statistics for Guatemala Department Flags

Click here to take the quiz!

General Stats

  • This quiz has been taken 49 times
  • The average score is 10 of 22

Answer Stats

Answer% Correct
Petén
100%
Zacapa
100%
Chimaltenango
80%
Escuintla
50%
Guatemala
50%
Alta Verapaz
40%
Baja Verapaz
40%
Chiquimula
40%
El Progreso
40%
Huehuetenango
40%
Quetzaltenango
40%
Quiché
40%
Retalhuleu
40%
Sacatepéquez
40%
Suchitepéquez
40%
Izabal
30%
Jalapa
30%
Jutiapa
30%
San Marcos
30%
Santa Rosa
30%
Sololá
30%
Totonicapán
30%

Score Distribution

Percentile by Number Answered

Percent of People with Each Score

Your Score History

You have not taken this quiz